Gentle Mates : connais-tu tous les membres ? - Statistiques

Statistiques générales
  • Ce quiz a été pris 114 fois
    2 depuis la dernière actualisation
  • Le résultat moyen est 80 sur 134
Statistiques - réponses
Membres Jeux Rôles % Correct
Akiira Fortnite Joueur
100%
Alex CS2 Joueur
100%
Archie Rocket League Joueur
100%
BAO LOL Joueur
100%
Berryx Valorant GC Joueuse
100%
BeyAz Valorant Joueur puis Content Creator
100%
Bipo Valorant Joueur
100%
Brawks CEO
100%
Comeback Valorant Joueur
100%
dav1g CS2 Joueur
100%
Doigby Content Creator
100%
Elyona AOE Content Creator
100%
Enkeo Warzone Joueur
100%
Envoy COD BO7 Joueur
100%
Enzosx TFT Joueur
100%
Estreal COD BO7 Joueur
100%
Eversax Rocket League Coach
100%
FeLo COD BO6 Joueur
100%
Ghosty COD BO7 Joueur
100%
Glyph Valorant Joueur
100%
Gotaga CEO
100%
Gromalok Warzone Joueur
100%
HalloW Warzone Joueur
100%
Itachi Rocket League Joueur puis Content Creator
100%
Jedusor TFT Joueur
100%
Juicy Rocket League Joueur
100%
kAdavra Valorant Joueur
100%
KiSMET COD BO6 Joueur
100%
Kurama Fortnite Joueur
100%
logaN Valorant Joueur
100%
Lunarz COD BO6 Joueur
100%
Lynz COD BO6 Joueur
100%
Malibuca Fortnite Joueur
100%
MarineLorD AOE Joueur
100%
MariusCOW Fortnite Joueur
100%
Marti Valorant GC Joueuse
100%
Martinez CS2 Joueur
100%
Mel Valorant GC Content Creator
100%
Merstach Fortnite Joueur
100%
Minny Valorant Joueur
100%
mopoz CS2 Joueur
100%
Nami Valorant GC Joueuse
100%
Nass Rocket League Joueur
100%
nataNK Valorant Joueur
100%
Neptune COD BO7 Joueur
100%
Nikof CEO
100%
oJohnny COD BO6 Joueur
100%
Oski Rocket League Joueur
100%
PodaSai Fortnite Joueur
100%
Pollo Fortnite Joueur
100%
Radosin Rocket League Joueur
100%
sausoL CS2 Joueur
100%
Seikoo Rocket League Joueur
100%
Sib COD BO7 Joueur
100%
Snaski Rocket League Coach
100%
Snayzy Fortnite Joueur
100%
Squeezie CEO
100%
starxo Valorant Joueur
100%
TakaS Valorant Joueur
100%
Tokameite Valorant GC Joueuse
100%
Vanyak Fortnite Joueur
100%
Veohz COD BO7 Head of
100%
Wawa Jeu de combat FGC Joueur
100%
Wens Valorant GC Joueuse
100%
xsweeze Fortnite Joueur
100%
Yujin Rocket League Joueur
100%
APO Valorant Sub
50%
ChowH1 Warzone Content Creator
50%
Click Valorant Joueur
50%
Cobra COD Joueur
50%
DREAL COD BO6 Coach
50%
Eika LOL Joueur
50%
Ex6tenz Valorant Coach
50%
goked Valorant Coach
50%
Kamilius LOL Joueur
50%
Kamyk Valorant Joueur
50%
Ketzon Fortnite Coach
50%
KundiKundi Valorant Assistant coach
50%
L3SCoco TFT Joueur
50%
Marteen Valorant Joueur
50%
Mireu LOL Joueur
50%
P1ng Fortnite Joueur
50%
pakko Valorant Coach
50%
Priestahh COD BO6 Joueur
50%
Proxh Valorant Joueur
50%
Ragner LOL Joueur
50%
RobbieBk Valorant Joueur
50%
RZA Jeu de combat FGC Content Creator
50%
Skyyart LOL Head of
50%
Skyz COD BO6 Joueur
50%
SwizzY Fortnite Joueur
50%
Veqaj Valorant Joueur
50%
Wailers Valorant Joueur
50%
White LOL Joueur
50%
AzoX Rocket League Manager
0%
Bance COD Joueur
0%
Cheek COD BO7 Analyste
0%
Chris Valorant Mental Coach
0%
Comp LOL Joueur
0%
Cored Warzone Coach
0%
deLonge CS2 Coach
0%
Denza COD Joueur
0%
DiamondCon COD BO6 Joueur
0%
Donby LOL Assistant coach
0%
Empyros LOL Joueur
0%
Erdote LOL Joueur
0%
Eternity LOL Manager
0%
GotoOne LOL Coach
0%
Hansen LOL Coach
0%
Harry COD Joueur
0%
Idex Valorant GC Assistant Coach
0%
Joshh COD Coach
0%
jtay Valorant Analyste
0%
Kirei LOL Sub Jungler
0%
Krakmo LOL Analyste
0%
Lounet CS2/LOL/COD Manager
0%
Luinwess Valorant Head of
0%
MadC Valorant Assistant Coach
0%
ManyFender Valorant Manager
0%
MarkyB COD BO6 Assistant Coach
0%
Mavera Valorant Assistant coach
0%
Mayhem COD BO7 Coach
0%
McJuankar Valorant Assistant Coach
0%
Mohsen COD BO6 Analyste
0%
Mout Rocket League Manager
0%
Nalkya LOL Assistant Coach
0%
Opale TFT Joueur
0%
Placido Valorant Manager
0%
Potent LOL Prêt Top Lane
0%
repk3ys CS2 Assistant Coach
0%
Synical COD BO6 Analyste
0%
Xperion TFT Joueur
0%
Zicssi LOL Joueur
0%
Zyppan Valorant Joueur
0%
Aucun quiz correspondant
Distribution des résultats
% des personnes avec chaque résultat
Percentile par nombre de réponses
Votre historique - résultats
Vous n’avez pas pris ce quiz depuis la dernière actualisation